Contemporary authors: (Record no. 9976)

MARC details
000 -LEADER
fixed length control field 01261nac a22003491u 4500
010 ## - LIBRARY OF CONGRESS CONTROL NUMBER
LC control number 75647923
020 ## - INTERNATIONAL STANDARD BOOK NUMBER
International Standard Book Number 0810300265
022 ## - INTERNATIONAL STANDARD SERIAL NUMBER
International Standard Serial Number 0360-1536
035 ## - SYSTEM CONTROL NUMBER
System control number (OCoLC)ocm02244000
082 00 - DEWEY DECIMAL CLASSIFICATION NUMBER
Classification number 810.90052
Item number CON
090 ## - LOCALLY ASSIGNED LC-TYPE CALL NUMBER (OCLC); LOCAL CALL NUMBER (OCLC)
-- 9976
-- 9976
100 ## - MAIN ENTRY--PERSONAL NAME
Personal name 20080729
245 00 - TITLE STATEMENT
Title Contemporary authors:
Remainder of title A bio-bibliographical guide to current authors and their works/
260 ## - PUBLICATION, DISTRIBUTION, ETC. (IMPRINT)
Place of publication, distribution, etc Detroit,
Name of publisher, distributor, etc Gale Research Co.,1975-
Date of publication, distribution, etc 1975-
300 ## - PHYSICAL DESCRIPTION
Extent v.;
Dimensions 29 cm.
500 ## - GENERAL NOTE
General note Donations
500 ## - GENERAL NOTE
General note Donations: AUC
505 ## - FORMATTED CONTENTS NOTE
Formatted contents note Issues: V.49-52; V.53-56(1975)
505 ## - FORMATTED CONTENTS NOTE
Formatted contents note Issues: V.61-64; V.57-60 (1976)
505 ## - FORMATTED CONTENTS NOTE
Formatted contents note Issues:V.65-68(1977)
505 ## - FORMATTED CONTENTS NOTE
Formatted contents note Issues:V.73-76(1978)
511 ## - PARTICIPANT OR PERFORMER NOTE
Participant or performer note Catalogued by: wessam
650 #0 - SUBJECT ADDED ENTRY--TOPICAL TERM
Topical term or geographic name as entry element Authors, American
Chronological subdivision 20th century
General subdivision Bio-bibliography
Form subdivision Periodicals.
651 #0 - SUBJECT ADDED ENTRY--GEOGRAPHIC NAME
Geographic name United States
942 ## - ADDED ENTRY ELEMENTS (KOHA)
Item type NB - Book (Non borrowing)
Call number prefix 810.90052CON
Holdings
Withdrawn status Item status Damaged status Not for loan Home library Current library Shelving location Date acquired Source of acquisition Total Checkouts Full call number Barcode Date last seen Koha item type Source of classification or shelving scheme
        Central Library Central Library Second Floor 08/07/2010 Purchase   810.90052CON 000013378 24/08/2022 NB - Book (Non borrowing)  
        Central Library Central Library Second Floor 08/07/2010 Purchase   810.90052CON 000013377 24/08/2022 NB - Book (Non borrowing) Dewey Decimal Classification
        Central Library Central Library Second Floor 08/07/2010 Purchase   810.90052CON 000013395 24/08/2022 NB - Book (Non borrowing)  
        Central Library Central Library Second Floor 08/07/2010 Purchase   810.90052CON 000013372 24/08/2022 NB - Book (Non borrowing)  
        Central Library Central Library Second Floor 08/07/2010 Purchase   810.90052CON 000013381 24/08/2022 NB - Book (Non borrowing)  
        Central Library Central Library Second Floor 08/07/2010 Purchase   810.90052CON 000013397 24/08/2022 NB - Book (Non borrowing)  
        Central Library Central Library Second Floor 08/07/2010 Purchase   810.90052CON 000013373 24/08/2022 NB - Book (Non borrowing)